| 000 -LEADER |
| fixed length control field |
01791cam a22003978i 4500 |
| 001 - CONTROL NUMBER |
| control field |
22116165 |
| 003 - CONTROL NUMBER IDENTIFIER |
| control field |
NUST |
| 005 - DATE AND TIME OF LATEST TRANSACTION |
| control field |
20221018151637.0 |
| 006 - FIXED-LENGTH DATA ELEMENTS--ADDITIONAL MATERIAL CHARACTERISTICS |
| fixed length control field |
m |o d | |
| 007 - PHYSICAL DESCRIPTION FIXED FIELD--GENERAL INFORMATION |
| fixed length control field |
cr_||||||||||| |
| 008 - FIXED-LENGTH DATA ELEMENTS--GENERAL INFORMATION |
| fixed length control field |
210702s2022 nyu o 000 1 eng |
| 010 ## - LIBRARY OF CONGRESS CONTROL NUMBER |
| LC control number |
2021031790 |
| 020 ## - INTERNATIONAL STANDARD BOOK NUMBER |
| International Standard Book Number |
9780593300244 |
| Qualifying information |
(ebook) |
| 020 ## - INTERNATIONAL STANDARD BOOK NUMBER |
| Canceled/invalid ISBN |
9780593300237 |
| Qualifying information |
(hardcover) |
| 038 ## - RECORD CONTENT LICENSOR |
| Staff Name |
Azhar |
| 040 ## - CATALOGING SOURCE |
| Original cataloging agency |
DLC |
| Language of cataloging |
eng |
| Transcribing agency |
DLC |
| Description conventions |
rda |
| 042 ## - AUTHENTICATION CODE |
| Authentication code |
pcc |
| 050 00 - LIBRARY OF CONGRESS CALL NUMBER |
| Classification number |
PS3622.U96 |
| 082 00 - DEWEY DECIMAL CLASSIFICATION NUMBER |
| Classification number |
811.6 |
| Edition number |
23 |
| Author Mark |
VUO |
| 100 1# - MAIN ENTRY--PERSONAL NAME |
| Personal name |
Vuong, Ocean, |
| Dates associated with a name |
1988- |
| Relator term |
author. |
| 9 (RLIN) |
100674 |
| 245 10 - TITLE STATEMENT |
| Title |
Time is a mother |
| Statement of responsibility, etc. |
Ocean Vuong. |
| 260 ## - PUBLICATION, DISTRIBUTION, ETC. |
| Place of publication, distribution, etc. |
New York : |
| Name of publisher, distributor, etc. |
Penguin Press, |
| Date of publication, distribution, etc. |
2022. |
| 263 ## - PROJECTED PUBLICATION DATE |
| Projected publication date |
2204 |
| 300 ## - PHYSICAL DESCRIPTION |
| Extent |
114p |
| 336 ## - CONTENT TYPE |
| Content type term |
text |
| Content type code |
txt |
| Source |
rdacontent |
| 337 ## - MEDIA TYPE |
| Media type term |
computer |
| Media type code |
c |
| Source |
rdamedia |
| 338 ## - CARRIER TYPE |
| Carrier type term |
online resource |
| Carrier type code |
cr |
| Source |
rdacarrier |
| 520 ## - SUMMARY, ETC. |
| Summary, etc. |
"Ocean Vuong's second collection of poetry looks inward, on the aftershocks of his mother's death, and the struggle - and rewards - of staying present in the world. Time Is a Mother moves outward and onward, in concert with the themes of On Earth We're Briefly Gorgeous, as Vuong continues, through his work, his profound exploration of personal trauma, of what it means to be the product of an American war in America, and how to circle these fragmented tragedies to find not a restoration, but the epicenter of the break"-- |
| Assigning source |
Provided by publisher. |
| 563 ## - BINDING INFORMATION |
| Binding note |
HB |
| 588 ## - SOURCE OF DESCRIPTION NOTE |
| Source of description note |
Description based on print version record and CIP data provided by publisher; resource not viewed. |
| 655 #7 - INDEX TERM--GENRE/FORM |
| Genre/form data or focus term |
Poetry. |
| Source of term |
lcgft |
| 9 (RLIN) |
100675 |
| 776 08 - ADDITIONAL PHYSICAL FORM ENTRY |
| Relationship information |
Print version: |
| Main entry heading |
Vuong, Ocean, 1988- |
| Title |
Time is a mother |
| Place, publisher, and date of publication |
New York : Penguin Press, 2022 |
| International Standard Book Number |
9780593300237 |
| Record control number |
(DLC) 2021031789 |
| 906 ## - LOCAL DATA ELEMENT F, LDF (RLIN) |
| a |
7 |
| b |
cbc |
| c |
orignew |
| d |
1 |
| e |
ecip |
| f |
20 |
| g |
y-gencatlg |
| 942 ## - ADDED ENTRY ELEMENTS (KOHA) |
| Source of classification or shelving scheme |
|
| Koha item type |
Lincoln Corner |